000 01204nam a2200337 i 4500
001 bg
003 KOSZ 005
005 20200805081738.0
008 000608s1978 pl a f f |000 0 pol
015 _aPB 1979/3443
040 _aWA N
_cKOSZ 005/HR
_dKOSZ 005/HR
041 0 _apol
080 _a69
080 _a528
080 _a(075.8)
100 1 _aPrzewłocki, Stefan
_d(1933- )
_eAutor
245 1 0 _aElementy geodezji i miernictwa budowlanego /
_cStefan Przewłocki i Jan Wereszczyński ; Politechnika Łódzka.
250 _aWyd. 2, zm.
260 _aŁódź :
_bRedakcja Wydawnictw Naukowych PŁ,
_c1978.
300 _a587 s., [1] k. tab. :
_bil., mapa, tab., wykr. ;
_c21 cm.
490 1 _aSkrypty dla Szkół Wyższych / PŁ
504 _aBibliogr. przy rozdz.
658 _aArchitektura i budownictwo
650 4 _aGeodezja
655 4 _aPodręczniki akademickie
650 4 _aBudownictwo
700 1 _aWereszczyński, Jan
_d(1914-1991)
_eAutor
856 _uhttp://koha.tu.koszalin.pl/cgi-bin/koha/opac-detail.pl?biblionumber=18395
_yKatalog online BPK
830 0 _aSkrypty dla Szkół Wyższych - Politechnika Łódzka
942 _2UKD
_cKS
999 _c18395
_d18395